| 000 | 00410nam a2200157Ia 4500 | ||
|---|---|---|---|
| 008 | 221030s9999 xx 000 0 und d | ||
| 041 | _aEnglish | ||
| 082 |
_a105.23 _bCha |
||
| 100 | _aA. Chakrabarti | ||
| 245 | 2 |
_aA Text Book On Power System Engineering _cby A. Chakrabarti, M. L. Soni |
|
| 260 |
_bDhanpat Rai Pub _aNew Delhi _c235 |
||
| 300 | _a1012 | ||
| 650 | _aEE | ||
| 700 | _aM. L. Soni | ||
| 942 | _cBK | ||
| 999 |
_c1542 _d1542 |
||